Statistiques concernant Personnages d'anime en images - U

Cliquez ici pour prendre le quiz!

Statistiques générales

  • Ce quiz a été pris 119 fois
    (103 depuis la dernière actualisation)
  • Le résultat moyen est 3 sur 13

Statistiques - réponses

Réponse% Correct
Usopp
94%
Ulquiorra Cifer
43%
Uvogin
42%
Ultia Milkovich
40%
Ulysse
35%
Ultimate Mechamaru
25%
Utakata
25%
Umaru Doma
10%
Undertaker
9%
Ushio Kofune
5%
Ursula Callistis
3%
Umibozu
0%
Utena Tenjō
0%

Distribution des résultats

Percentile par nombre de réponses

% des personnes avec chaque résultat

Votre développement - résultats

Vous n’avez pas pris ce quiz depuis la dernière actualisation